<?xml version="1.0" encoding="UTF-8"?>
<record
    xmlns:xsi="http://www.w3.org/2001/XMLSchema-instance"
    xsi:schemaLocation="http://www.loc.gov/MARC21/slim http://www.loc.gov/standards/marcxml/schema/MARC21slim.xsd"
    xmlns="http://www.loc.gov/MARC21/slim">

  <leader>01047nam a22001457a 4500</leader>
  <controlfield tag="008">120822s 2012                 frmul     b  002</controlfield>
  <datafield tag="082" ind1="0" ind2="4">
    <subfield code="a">791.43</subfield>
    <subfield code="b">HUN</subfield>
    <subfield code="2">22</subfield>
  </datafield>
  <datafield tag="245" ind1="0" ind2="0">
    <subfield code="a">Hunger games</subfield>
    <subfield code="h">[videorecording] /</subfield>
    <subfield code="c">Gary Ross, r&#xE9;al., sc&#xE9;nario ; Suzanne Collins, aut. adapt&#xE9;, sc&#xE9;nario ; James Newton Howard, comp. ; Jennifer Lawrence, Josh Hutcherson, Liam Hemsworth... [et al.], act.</subfield>
  </datafield>
  <datafield tag="260" ind1=" " ind2=" ">
    <subfield code="a">[Paris] :</subfield>
    <subfield code="b">Touchstone Home Entertainment ;</subfield>
    <subfield code="c">c2012.</subfield>
  </datafield>
  <datafield tag="300" ind1=" " ind2=" ">
    <subfield code="a">2 DVD (2 h 16 min) : </subfield>
    <subfield code="b">sd., col. ;</subfield>
    <subfield code="c">16/9.</subfield>
  </datafield>
  <datafield tag="500" ind1=" " ind2=" ">
    <subfield code="a">Special features: Blood on the land: forging "King Arthur" : the making-of "King Arthur"; cast &amp; filmmaker roundtable video commentary; deleted scenes with director commentary ; director audio commentary; "Knight vision" pop-up trivia track; "King Arthur" konami playable video game demo. </subfield>
  </datafield>
  <datafield tag="508" ind1=" " ind2=" ">
    <subfield code="a">Director of photography, Slawomir Idziak ; editors, Conrad Buff, Jamie Pearson ; music, Hans Zimmer ; costume  designer, Penny Rose ; production designer, Dan Weil.</subfield>
  </datafield>
  <datafield tag="650" ind1=" " ind2=" ">
    <subfield code="a">Games -</subfield>
    <subfield code="v">Drama.</subfield>
    <subfield code="9">33679</subfield>
  </datafield>
  <datafield tag="942" ind1=" " ind2=" ">
    <subfield code="2">ddc</subfield>
    <subfield code="c">CDVDMOV</subfield>
  </datafield>
  <datafield tag="999" ind1=" " ind2=" ">
    <subfield code="c">17537</subfield>
    <subfield code="d">17509</subfield>
  </datafield>
  <datafield tag="952" ind1=" " ind2=" ">
    <subfield code="0">0</subfield>
    <subfield code="1">0</subfield>
    <subfield code="2">ddc</subfield>
    <subfield code="4">0</subfield>
    <subfield code="7">0</subfield>
    <subfield code="8">Baccah</subfield>
    <subfield code="a">MAIN</subfield>
    <subfield code="b">MAIN</subfield>
    <subfield code="c">2ND</subfield>
    <subfield code="d">2013-09-19</subfield>
    <subfield code="e">Purchase</subfield>
    <subfield code="g">213.00</subfield>
    <subfield code="h">18080</subfield>
    <subfield code="l">5</subfield>
    <subfield code="o">791.43 HUN</subfield>
    <subfield code="p">000028878</subfield>
    <subfield code="r">2025-07-15 00:00:00</subfield>
    <subfield code="s">2016-04-21</subfield>
    <subfield code="v">266.25</subfield>
    <subfield code="y">CDVDMOV</subfield>
  </datafield>
</record>
